LEADER 01034nam0 22002891i 450 001 UON00216954 005 20231205103357.987 010 $a96-00-31881-6 100 $a20030730d1997 |0itac50 ba 101 $agre 102 $aGR 105 $a|||| 1|||| 200 1 $aOrnithes$fAristophanous$gmet. Paulos Matesis 210 $aAthena$cKastaniotes$d1997 215 $a128 p.$d21 cm. 620 $aGR$dAtene$3UONL000203 676 $a880$cLetteratura greca classica$v21 700 0$aAristophanes$3UONV056467$0602827 702 1$aMATESIS$bPaulos$3UONV158183 712 $aKastaniotes$3UONV269238$4650 790 0$aARISTOFANE$zAristophanes$3UONV056470 801 $aIT$bSOL$c20260313$gRICA 899 $aSIBA - SISTEMA BIBLIOTECARIO DI ATENEO E ARCHIVIO STORICO$2UONSI 912 $aUON00216954 950 $aSIBA - SISTEMA BIBLIOTECARIO DI ATENEO E ARCHIVIO STORICO$dSI A 0978 $eSI EO 30952 5 0978 996 $aOrnithes$94549626 997 $aUNIOR